000 00313nam a22001337a 4500
008 171030b xxu||||| |||| 00| 0 eng d
020 _a9780071287722
041 _aeng
080 _22ND
_a336
100 _a56
101 _aFIN
245 _aMONEY,BANKING AND FINANCIAL MARKETS
_cCECCHETTI,S.G
942 _2udc
_cBK
999 _c36308
_d36308